Countries that have been part of Denmark - Statistics

General Stats
  • This quiz has been taken 167 times
    86 since last reset
  • The average score is 10 of 14
Answer Stats
Country % Correct
Sweden
100%
Norway
99%
Germany
97%
United Kingdom
92%
Iceland
81%
United States
72%
Estonia
71%
France
68%
Latvia
67%
Greenland
66%
Denmark
56%
Faroe Islands
54%
India
53%
Ghana
47%
No matching quizzes found
Score Distribution
Percent of People with Each Score
Percentile by Number Answered
Your Score History
You have not taken this quiz since the last reset